Niektoré aspekty formovania kapitálového trhu v Slovenskej republike

Emitenti, investori a finanční sprostredkovatelia - účastníci kapitálového trhu. Liberálno-trhový a technokraticko-etatický prúd diskusií o podobe kapitálového trhu. Účastiny. Význam IPF a investičných spoločností. Burzy. Primárny a sekundárny trh cenných papierov. Aplikácia výpočtovej techniky. Pos...

Full description

Saved in:
Bibliographic Details
Main Author: Zbruž, Vladislav
Format: Book Chapter
Language:Slovak
Subjects:
Tags: Add Tag
No Tags, Be the first to tag this record!

MARC

LEADER 00000naa a2200000 4500
001 r014177
005 20221213123614.3
041 0 |a slo 
044 |a SK 
245 1 0 |a Niektoré aspekty formovania kapitálového trhu v Slovenskej republike  |c V. Zbruž 
520 |a Emitenti, investori a finanční sprostredkovatelia - účastníci kapitálového trhu. Liberálno-trhový a technokraticko-etatický prúd diskusií o podobe kapitálového trhu. Účastiny. Význam IPF a investičných spoločností. Burzy. Primárny a sekundárny trh cenných papierov. Aplikácia výpočtovej techniky. Postavenie RM-Systém Slovakia. 
610 2 0 |a trh kapitálový 
610 2 0 |a Slovensko 
610 2 0 |a burzy 
610 2 0 |a IPF 
610 2 0 |a spoločnosti investičné 
610 2 0 |a RM-Systém Slovakia 
610 2 0 |a využitie počítačov 
100 1 |a Zbruž, Vladislav